MDQL
is popping MORE tags! Check the
thread
!
Quizzes
Events
Quiz Creation
Community
Videos
Private Events
Remove Ads
Sign In
Join for FREE
Feedback
Dark Mode
Quiz Categories
Sports
Geography
Music
Movies
Television
Just For Fun
Miscellaneous
History
Literature
Language
Science
Gaming
Entertainment
Religion
Holiday
For Kids
Quiz Lab
Recent
Popular Today
Quiz Kudos Today
Editor Picks
Curator Picks
Quizzes by...
Day
Popularity
Type
Ratings
Length
Year
Community
Subscriptions
Recent Discussions
Orange Saloon
Badges
Playlists
Quests
Create
Leaderboards
Showdown
Live 5
Trivia Bingo
Activity
Puzzle Library
Sporcle Events
Private Events
Virtual Trivia
Globe League
Become a Host
Pub Owners
SporcleCon
Opinionation
Our Games
Videos
Blog
Mobile Apps
Partnerships
Remove Ads and Go Orange
Feedback
Sports
Athletes
MLB
NBA
NHL
NFL
Soccer
Sports Teams
WWE
NCAA
Football
Premier League
Basketball
Baseball
Hockey
Golf
Tennis
Cricket
Rugby
Auto Racing
Olympics
World Cup
Sports
Athletes
MLB
NBA
NHL
NFL
Soccer
Sports Teams
WWE
NCAA
Football
Premier League
Basketball
Baseball
Hockey
Golf
Tennis
Cricket
Rugby
Auto Racing
Olympics
World Cup
Random Quiz
Search Sporcle
×
Quiz Lab
Quiz Lab
Sports
Hockey
Type in answers that appear in a list
Type in answers that appear in a list
Classic
Best Score? Go Orange.
Hockey News Top 50 2006 Stats
Can you name the Hockey News Top 50 for 2006?
By
Midline_Shift
10m
50 Questions
353 Plays
353 Plays
353 Plays
Comments
Comments
Give Quiz Kudos
Give Quiz Kudos
-
- Ratings
hide this ad
More Info
Replay
Link that replays current quiz
Next Quiz
Link to next quiz in quiz playlist
You Got
0%
They Got
Avg Score
77%
Avg Friend Score
Upgrade to see
Score Distribution
Jump to the score distribution portion of the page
Score
0/50
Timer
10:00
0
Plays Today
Rank
Player
% Correct
7
Jarome Iginla
99.4%
5
Alex Ovechkin
97.5%
6
Sidney Crosby
97.5%
4
Joe Thornton
96.9%
9
Rick Nash
94.1%
15
Nicklas Lidstrom
93.8%
20
Daniel Alfredsson
93.8%
18
Ilya Kovalchuk
93.2%
21
Vincent Lecavalier
92.6%
14
Eric Staal
91.8%
47
Martin St. Louis
91.5%
12
Patrik Elias
91.2%
11
Martin Brodeur
90.9%
10
Dany Heatley
90.4%
22
Jason Spezza
90.4%
35
Pavel Datsyuk
90.4%
1
Miikka Kiprusoff
89.8%
28
Henrik Zetterberg
89.5%
2
Chris Pronger
89%
3
Jaromir Jagr
88.4%
17
Joe Sakic
88.1%
23
Brad Richards
87.3%
8
Scott Niedermayer
87%
37
Patrick Marleau
87%
27
Marian Gaborik
83.9%
Rank
Player
% Correct
24
Marian Hossa
83.6%
13
Peter Forsberg
81.9%
48
Mats Sundin
81.6%
39
Shane Doan
78.2%
34
Markus Naslund
77.6%
25
Roberto Luongo
77.1%
33
Ryan Smyth
76.5%
19
Zdeno Chara
72.5%
30
Rob Blake
71.4%
38
Rod Brind'Amour
69.4%
16
Wade Redden
68.8%
32
Dion Phaneuf
65.4%
36
Jonathan Cheechoo
64.9%
41
Olli Jokinen
64.6%
43
Alex Tanguay
62.3%
29
Tomas Vokoun
60.9%
31
Simon Gagne
60.6%
49
Marty Turco
59.8%
46
Brenden Morrow
56.7%
42
Sergei Zubov
56.4%
26
Martin Havlat
52.4%
50
Brian Gionta
45.3%
45
Bryan McCabe
39.9%
44
Robyn Regehr
36%
40
Lubomir Visnovsky
20.1%
Quiz Playlist
Details
Report
Send in Message
Add To Playlist
More Info:
Players are listed with the team that they finished the 2005-06 season with.
Classic:
Type in answers that appear in a list
Last Updated: Feb 16, 2017
Quiz Scoreboard
CHALLENGE
Sign Up to Join the Scoreboard
Show All
Scores
Hide
Comments
May contain spoilers
Recently Published
Find the 'City' Movie
by crazypaving
Movies
60s
5x2 Blitz: Bands
by SL_Kpop136
Music
30s
Colored Red Africa Blitz
by spor1
Geography
30s
More to Explore
Quiz From the Vault
Featured Blog Post
14 Easter Pick-up Lines to Find Eggs With
hide this ad
You Might Also Like...
Tags
Hockey Quiz
2006
Player
team
Top 50
Today's Top Quizzes in Sports
Browse Sports
hide this ad
Today's Top Quizzes in Hockey
Browse Hockey
Top Contributed Quizzes in Sports
1
Players with Multiple 50 Home Run Seasons
2
Who Needs Fielders?
3
Criteria MLB: Left Handed Sluggers
4
MLB Players with Two .350 Batting Average Seasons
5
Who Hit More Homers?
6
2020 F1 Drivers Logic Puzzle
7
NBA Teammate Connections
8
Premier League Clubs since 2000 (minefield)
9
MLB Teams by First Game
10
Top 10 NHL Goal Scorers of All Time
Explore More
Trending Topics
NBA
Disney
Marvel
Crossword
Kpop
Harry Potter
Anime
Puzzle
NFL
Song
Country
Soccer
The Office
Pokémon
WWE
hide this ad
More By:
Midline_Shift
Quiz
Plays
Rating
Category
Featured
Created
50 Goals without leading team
2,434
4.73
Sports
Jan 18, 2013
Hart Trophy voting, 1992-2012
1,156
4.71
Sports
Jan 22, 2013
Hockey News Top 50 2000
545
4.55
Sports
Mar 26, 2012
Hockey News Top 25 1993
531
4.64
Sports
Mar 13, 2012
He-Man characters
449
5.00
Entertainment
Aug 9, 2017
Go to Creator's Profile
Score Distribution
Quiz Creator Spotlight
Midline_Shift
Follow
Send a Message
Quizzes Created
-
Created Quiz Play Count
-
More By This Creator
Popular Quizzes Today
1
5x2 Blitz: Bands
2
Find the 'City' Movie
3
Colored Red Africa Blitz
4
Find the US States - No Outlines Minefield
5
The Countries of the World
6
Find the US States
7
9x9 Crossword: Cartoon Network
8
US States
More Sports Quizzes
Repeat Chinese Grand Prix Winners
Curator's Pick
Trending Quizzes
Colored Red Africa Blitz II
Colored Red Europe Blitz I
Christmas Pick: Judaism
Colored Red Africa Blitz III
Colored Red Europe Blitz II
Recently Updated
Champions League XIs: Real Madrid
pecheneg
Largest US Cities 1790-2010
pecheneg
Rides in Walt Disney World
pecheneg
Most Oscar Losses (Acting)
pecheneg
Beyoncé Albums
pecheneg
Leaping Animals
pecheneg
Reality TV Shows (A-Z)
bhenderson79
Rickey Henderson's Hall of Fame Teammates
pecheneg
Champions League XIs: Arsenal
pecheneg
Quick Pick: Celebrities in WWE's Hall of Fame
aduchscher
Trending Topics
Kpop
Marvel
Harry Potter
NBA
Crossword
Anime
Disney
The Office
Country
NFL
Puzzle
WWE
Soccer
Pokémon
Song
Your Account Isn't Verified!
In order to create a playlist on Sporcle, you need to verify the email address you used during registration. Go to your
Sporcle Settings
to finish the process.
Report this User
Report this user for behavior that violates our
Community Guidelines
.
Details:
Send Report
Go to the Sporcle.com Mobile Site →
Comments